000 00851nam a2200229 a 4500
001 71361
003 BD-RjUL
005 20211209082114.0
008 170502s1973 bg ||||| |||| 00| f ben d
020 _c: Tk. 2.50
035 _a(BD-RjUL)71577
040 _aBD-RjUL
_bben
_cBD-RjUL
041 _aben
082 _223
_a891.443
_bCHJ 1973
100 1 _aচট্টোপাধ্যায়, বঙ্কিমচন্দ্র
_9211177
245 1 0 _aযুগলাঙ্গুরীয় ও রাধারণী /
_cবঙ্কিমচন্দ্র চট্টোপাধ্যায়
260 _aঢাকা :
_bমুক্তধারা,
_c১৯৭৩
300 _a২৬ পৃ. ;
_c২১ সেমি.
650 _aবাংলা উপন্যাস
_9211178
650 _aBengali Fiction
_9211179
942 _2ddc
_cBK
999 _c71361
_d71361